The boy they turned away, (Record no. 18164)

MARC details
000 -LEADER
fixed length control field 00589cam a22002171 4500
001 - CONTROL NUMBER
control field ca 36000985
003 - CONTROL NUMBER IDENTIFIER
control field DLC
005 - DATE AND TIME OF LATEST TRANSACTION
control field 20260227111142.0
008 - FIXED-LENGTH DATA ELEMENTS--GENERAL INFORMATION
fixed length control field 770531s1929 xx 000 0 eng
010 ## - LIBRARY OF CONGRESS CONTROL NUMBER
LC control number ca 36000985
035 ## - SYSTEM CONTROL NUMBER
System control number (OCoLC)3005927
040 ## - CATALOGING SOURCE
Original cataloging agency DLC
Transcribing agency TxU
Modifying agency DLC
042 ## - AUTHENTICATION CODE
Authentication code premarc
050 00 - LIBRARY OF CONGRESS CALL NUMBER
Classification number PN6120.C5
Item number P55
082 ## - DEWEY DECIMAL CLASSIFICATION NUMBER
Classification number 812.5
100 1# - MAIN ENTRY--PERSONAL NAME
Personal name Pipes, Mai.
245 14 - TITLE STATEMENT
Title The boy they turned away,
Remainder of title a Christmas play for children,
Statement of responsibility, etc. by Mai Pipes.
260 ## - PUBLICATION, DISTRIBUTION, ETC.
Place of publication, distribution, etc. Chicago,
Name of publisher, distributor, etc. Dramatic Publishing Company
Date of publication, distribution, etc. [c1929]
300 ## - PHYSICAL DESCRIPTION
Extent 14 p.
Dimensions 19 cm.
650 #0 - SUBJECT ADDED ENTRY--TOPICAL TERM
Topical term or geographic name entry element Christmas plays.

No items available.

Powered by Koha